000 02173nam0a2200409 i 4500
001 RU\NLR\BIBL_A\010886081
005 20260407073220.0
010 _a9785953504430
_9150
021 _aRU
_b2015-81400
035 _a(NILC)RuMoRGB-008048003
035 _a(NLR Aleph) 010886081
090 _a10527269
_c10527269
100 _a20151110d2015 k y0rusy50 ca
101 0 _arus
102 _aRU
105 _aa|||z|||000yy
200 1 _aНовые подходы к глобальному финансовому регулированию
_f[Л. С. Худякова, В.К. Кулакова, Е.А. Сидорова и др.]
_gпод ред. Л. С. Худяковой
_gИн-т мировой экономики и междунар. отношений им. Е.М. Примакова Рос. акад. наук
210 _aМосква
_cИМЭМО РАН
_d2015
215 _a162 с.
_cил., табл.
_d29
225 1 _aСерия "Библиотека Института мировой экономики и международных отношений имени Е. М. Примакова"
300 _aАвт. указаны на обороте тит. л.
320 _aБиблиогр. в подстроч. примеч.
606 1 _aФинансы международные
_xУправление
_92269990
_3RU\NLR\AUTH\6601589706
610 0 _aмеждународная финансовая реформа
675 _a336
686 1 _aУ26(0)8-21
701 1 _aХудякова
_bЛ.С.
_gЛюдмила Семеновна
701 1 _aКулакова
_bВ. К.
_gВасилиса Константиновна
701 1 _8rus
_7ca
_aСидорова
_bЕ. А.
_cканд. экон. наук
_gЕлена Александровна
_3RU\NLR\AUTH\77122297
_9105222
712 0 2 _4570
_aИнститут мировой экономики и международных отношений
_cМосква
_3RU\NLR\AUTH\883073
_9277290
801 0 _aRU
_bРГБ
_c20151020
_gRCR
801 1 _aRU
_bРГБ
_c20151020
_2rusmarc
942 _cBOOK
980 _aNBR